[Event "GEO-chT"]
[Site "Ureki"]
[Date "2015.10.06"]
[Round "2.11"]
[White "Ebralidze, Alexandre"]
[Black "Sibashvili, Giorgi"]
[Result "0-1"]
[WhiteElo "2163"]
[BlackElo "2367"]
[PlyCount "66"]
[EventDate "2015.10.05"]
[EventType "team-tourn"]
[EventRounds "7"]
[EventCountry "GEO"]
[SourceTitle "CBM 168 Extra"]
[Source "ChessBase"]
[SourceDate "2015.10.29"]
[SourceVersion "1"]
[SourceVersionDate "2015.10.29"]
[SourceQuality "1"]
[WhiteTeam "Guria"]
[BlackTeam "Nona"]
[WhiteTeamCountry "GEO"]
[BlackTeamCountry "GEO"]

1. d4 g6 2. Nf3 Bg7 3. c4 c5 4. Nc3 cxd4 5. Nxd4 Nc6 6. e3 Nf6 7. g3 d5 8. Bg2 Nxd4 9. exd4 dxc4 10. Qa4+ Nd7 11. Be3 0-0 12. Qxc4 Nb6 13. Qe2 Be6 14. Bxb7 Rb8 15. Ba6 Bxd4 16. Rd1 Bxc3+ 17. bxc3 Qc7 18. Bd4 Bc4 19. Bxc4 Nxc4 20. 0-0 Rb2 21. Qd3 Rxa2 22. Ra1 Rxa1 23. Rxa1 a5 24. h4 h5 25. Qf3 Rd8 26. g4 hxg4 27. Qe4 e5 28. Be3 f5 29. Qc2 Nxe3 30. fxe3 e4 31. Qa2+ Kg7 32. Qxa5 Qg3+ 33. Kf1 Rd2 0-1

[Event "Poti Aleksandria Cup 10th"]
[Site "Poti"]
[Date "2015.07.13"]
[Round "1"]
[White "Ebralidze, Alexandre"]
[Black "Harutjunyan, Gevorg"]
[Result "1/2-1/2"]
[WhiteElo "2135"]
[BlackElo "2449"]
[PlyCount "106"]
[EventDate "2015.07.13"]
[EventType "swiss"]
[EventRounds "9"]
[EventCountry "GEO"]
[SourceTitle "CBM 167 Extra"]
[Source "ChessBase"]
[SourceDate "2015.09.14"]
[SourceVersion "1"]
[SourceVersionDate "2015.09.14"]
[SourceQuality "1"]

1. d4 Nf6 2. c4 e6 3. Nf3 Bb4+ 4. Bd2 a5 5. Nc3 d5 6. e3 0-0 7. Qc2 Nbd7 8. cxd5 exd5 9. Bd3 c6 10. 0-0 Re8 11. Ne2 Bd6 12. Ng3 Nf8 13. Bc3 Ng6 14. a3 Bd7 15. b4 a4 16. Qb2 Ng4 17. b5 Qf6 18. bxc6 bxc6 19. Bb4 Reb8 20. Qc3 Bc7 21. e4 Nf4 22. e5 Qd8 23. Bc2 Nh6 24. Qd2 Ne6 25. Nh5 Ng4 26. h3 c5 27. dxc5 Nxe5 28. Nxe5 Bxe5 29. Rae1 Bc7 30. Qxd5 Bb5 31. Qe4 Ng5 32. Qf5 Bd7 33. Qd5 Ra6 34. Bc3 Rh6 35. Nxg7 Bxh3 36. Qxd8+ Rxd8 37. f4 Ne6 38. gxh3 Nxg7 39. Re3 Ne6 40. Rg3+ Kf8 41. Bxa4 Ke7 42. Bb4 Rd4 43. c6+ Bd6 44. f5 Rxb4 45. axb4 Bxg3 46. fxe6 Rxe6 47. Rd1 Rd6 48. Rc1 Rd8 49. b5 Bc7 50. Re1+ Kd6 51. Rd1+ Kc5 52. Rxd8 Bxd8 53. Kg2 Kb4 1/2-1/2

[Event "EU-ch U18 23rd"]
[Site "Budva"]
[Date "2013.10.08"]
[Round "9"]
[White "Oganian, Miran1111"]
[Black "Ebralidze, Alexandre"]
[Result "1-0"]
[WhiteElo "2331"]
[BlackElo "2036"]
[PlyCount "131"]
[EventDate "2013.09.29"]
[EventType "swiss"]
[EventRounds "9"]
[EventCountry "MNE"]
[SourceTitle "CBM 156 Extra"]
[Source "ChessBase"]
[SourceDate "2013.10.22"]
[SourceVersion "1"]
[SourceVersionDate "2013.10.22"]
[SourceQuality "1"]

1. d4 d5 2. c4 e6 3. Nf3 Nf6 4. g3 Bb4+ 5. Bd2 Bd6 6. Bg2 c6 7. Qc2 Nbd7 8. 0-0 Ne4 9. Nc3 Nxd2 10. Nxd2 Qf6 11. cxd5 exd5 12. e4 Qg6 13. f4 dxe4 14. Ndxe4 Be7 15. d5 0-0 16. Rad1 f5 17. d6 Bd8 18. Nf2 Nf6 19. Nd3 Bb6+ 20. Kh1 Be6 21. Ne5 Qh6 22. Rfe1 Rad8 23. Na4 Ba5 24. Re2 Bd5 25. Bxd5+ cxd5 26. Nc5 Qh5 27. Ne6 Rc8 28. Qd3 Ne4 29. d7 Rcd8 30. Kg2 Rf6 31. Nxd8 Bxd8 32. Qxd5+ Kh8 33. Nf3 Rh6 34. Rxe4 fxe4 35. Qxe4 Qh3+ 36. Kh1 Re6 37. Ng5 Rxe4 38. Nxh3 h6 39. Kg2 Re2+ 40. Kf3 Rxh2 41. Re1 Bb6 42. d8Q+ Bxd8 43. Re8+ Kh7 44. Rxd8 Rxh3 45. Rd7 b5 46. Rd5 Rh2 47. Rxb5 Kg6 48. a4 Rc2 49. a5 Kf6 50. g4 Rd2 51. b4 Rd4 52. Rb7 a6 53. Rb6+ Kf7 54. g5 hxg5 55. fxg5 g6 56. Ke3 Rg4 57. Kd3 Rg3+ 58. Kc4 Rg4+ 59. Kb3 Rxg5 60. Rxa6 Rf5 61. Rc6 g5 62. a6 Ke7 63. a7 Rf8 64. b5 g4 65. b6 g3 66. b7 1-0

[Event "EU-ch U18 23rd"]
[Site "Budva"]
[Date "2013.10.07"]
[Round "8"]
[White "Ebralidze, Alexandre"]
[Black "Martynov, Pavel1111"]
[Result "1-0"]
[WhiteElo "2036"]
[BlackElo "2303"]
[PlyCount "69"]
[EventDate "2013.09.29"]
[EventType "swiss"]
[EventRounds "9"]
[EventCountry "MNE"]
[SourceTitle "CBM 156 Extra"]
[Source "ChessBase"]
[SourceDate "2013.10.22"]
[SourceVersion "1"]
[SourceVersionDate "2013.10.22"]
[SourceQuality "1"]

1. d4 Nf6 2. Nf3 e6 3. c4 b6 4. a3 c5 5. d5 Ba6 6. Qb3 exd5 7. cxd5 g6 8. Nc3 Bg7 9. e4 Bxf1 10. Kxf1 d6 11. Qb5+ Nbd7 12. Bf4 0-0 13. Bxd6 Re8 14. Re1 a6 15. Qb3 Rc8 16. h3 c4 17. Qd1 b5 18. Nd4 Nb6 19. Bb4 Qd7 20. Nc6 Na4 21. Nxa4 bxa4 22. Qf3 Rxc6 23. dxc6 Qxc6 24. e5 Qb5 25. Kg1 Nd7 26. Bc3 Nxe5 27. Qe2 Re6 28. Qc2 h5 29. f4 Qb6+ 30. Kh2 Nd3 31. Rxe6 Qxe6 32. Bxg7 Kxg7 33. Rf1 Qe8 34. Qd2 f5 35. Rf3 1-0

[Event "EU-ch U18 23rd"]
[Site "Budva"]
[Date "2013.10.02"]
[Round "4"]
[White "Lewtak, Damian"]
[Black "Ebralidze, Alexandre"]
[Result "1/2-1/2"]
[WhiteElo "2275"]
[BlackElo "2036"]
[PlyCount "127"]
[EventDate "2013.09.29"]
[EventType "swiss"]
[EventRounds "9"]
[EventCountry "MNE"]
[SourceTitle "CBM 156 Extra"]
[Source "ChessBase"]
[SourceDate "2013.10.22"]
[SourceVersion "1"]
[SourceVersionDate "2013.10.22"]
[SourceQuality "1"]

1. e4 c6 2. d4 d5 3. exd5 cxd5 4. Bd3 Nc6 5. c3 Qc7 6. Bg5 Nf6 7. Bh4 Bg4 8. Bg3 Qxg3 9. hxg3 Bxd1 10. Kxd1 e5 11. dxe5 Ng4 12. Nh3 Ngxe5 13. Re1 0-0-0 14. Bf5+ Kb8 15. f4 Nc4 16. b3 Nd6 17. Bd3 Ne4 18. Bxe4 dxe4+ 19. Kc2 f5 20. g4 g6 21. gxf5 gxf5 22. Ng5 Bg7 23. a3 Rd3 24. g4 Nd4+ 25. Kb2 Nf3 26. Nxf3 exf3 27. gxf5 f2 28. Rf1 Rf3 29. Kc2 Re8 30. Kd1 Bf6 31. Ra2 Bh4 32. Re2 Rg8 33. Nd2 Rxf4 34. Re4 Rgg4 35. Rxf4 Rxf4 36. Rh1 Bf6 37. Ke2 Bxc3 38. Nf3 Rxf5 39. Kxf2 h5 40. Ke3 Rb5 41. Rb1 a5 42. Kd3 Bf6 43. Nd2 Rd5+ 44. Ke2 h4 45. Rh1 Rh5 46. Rh3 Be7 47. Nc4 Ka7 48. a4 Bd8 49. Kf3 Rd5 50. Ke4 Rd1 51. Ne3 Re1 52. Kd5 Rg1 53. Nf5 Rg4 54. Ke6 Ka8 55. Kd7 Bg5 56. Rd3 Bf4 57. Ke6 Bg3 58. Rc3 Re4+ 59. Kf7 Be5 60. Rh3 b5 61. Rxh4 Rxh4 62. Nxh4 bxa4 63. bxa4 Kb7 64. Ke6 1/2-1/2

[Event "EU-ch U18 23rd"]
[Site "Budva"]
[Date "2013.09.29"]
[Round "1"]
[White "Ebralidze, Alexandre"]
[Black "Johansson, Linus"]
[Result "1/2-1/2"]
[WhiteElo "2036"]
[BlackElo "2321"]
[PlyCount "108"]
[EventDate "2013.09.29"]
[EventType "swiss"]
[EventRounds "9"]
[EventCountry "MNE"]
[SourceTitle "CBM 156 Extra"]
[Source "ChessBase"]
[SourceDate "2013.10.22"]
[SourceVersion "1"]
[SourceVersionDate "2013.10.22"]
[SourceQuality "1"]

1. d4 Nf6 2. Nf3 e6 3. c4 b6 4. a3 c5 5. d5 exd5 6. cxd5 d6 7. Nc3 a6 8. e4 g6 9. Bf4 b5 10. e5 dxe5 11. Nxe5 Bd6 12. Be2 0-0 13. 0-0 Qc7 14. Bf3 Bb7 15. Re1 Nbd7 16. Nxd7 Qxd7 17. Bg5 Qf5 18. h4 Rfe8 19. Qd2 Be5 20. Bxf6 Qxf6 21. Ne4 Qb6 22. Rac1 Bd4 23. Qh6 Bg7 24. Qf4 Bxb2 25. Ng5 Qf6 26. Rxe8+ Rxe8 27. Qxf6 Bxf6 28. Rxc5 Bd4 29. Rc2 h6 30. Nxf7 Kxf7 31. Rc7+ Re7 32. Rxe7+ Kxe7 33. d6+ Kxd6 34. Bxb7 a5 35. Be4 g5 36. hxg5 hxg5 37. Bc2 a4 38. Kf1 Bb2 39. Ke2 Bxa3 40. g3 Kc5 41. f4 gxf4 42. gxf4 Kd4 43. Bd3 Kc5 44. Kd2 Bb2 45. Kc2 Bg7 46. Kb1 b4 47. Ka2 Bh6 48. Bc2 Kb5 49. f5 Bg7 50. Bd1 Bf6 51. Bc2 a3 52. Bb3 Be5 53. Be6 Kc5 54. Bb3 Kb5 1/2-1/2